Statistiques concernant 5 villes les plus peuplées par continent

Cliquez ici pour prendre le quiz!

Statistiques générales

  • Ce quiz a été pris 33 563 fois
    (29 810 depuis la dernière actualisation)
  • Le résultat moyen est 18 sur 30

Statistiques - réponses

ContinentVille% Correct
EuropeParis
98%
EuropeLondres
93%
Amérique du NordNew York City
93%
EuropeMoscou
86%
AsieTokyo
86%
OcéanieSydney
84%
EuropeMadrid
83%
Amérique du NordLos Angeles
82%
Amérique du SudRio de Janeiro
82%
Amérique du NordMexico
76%
Amérique du SudBuenos Aires
73%
AfriqueLe Caire
69%
AsieShanghai
65%
Amérique du SudSão Paulo
62%
AsieDelhi
60%
Amérique du NordChicago
53%
Amérique du NordWashington
51%
Amérique du SudBogotá
50%
EuropeIstanbul
47%
AfriqueLagos
47%
Amérique du SudLima
47%
OcéanieMelbourne
47%
AfriqueJohannesbourg
45%
AsieJakarta
42%
AfriqueKinshasa
41%
OcéaniePerth
31%
AsieCanton
30%
OcéanieAuckland
28%
OcéanieBrisbane
19%
AfriqueLuanda
10%

Distribution des résultats

Percentile par nombre de réponses

% des personnes avec chaque résultat

Votre développement - résultats

Vous n’avez pas pris ce quiz depuis la dernière actualisation